<?xml version="1.0" encoding="UTF-8"?>
<record
    xmlns:xsi="http://www.w3.org/2001/XMLSchema-instance"
    xsi:schemaLocation="http://www.loc.gov/MARC21/slim http://www.loc.gov/standards/marcxml/schema/MARC21slim.xsd"
    xmlns="http://www.loc.gov/MARC21/slim">

  <leader>01333nam a22002297a 4500</leader>
  <controlfield tag="008">140525s2009    mx ||||| |||| 000 0 spa d</controlfield>
  <datafield tag="020" ind1=" " ind2=" ">
    <subfield code="a">9786074380071</subfield>
  </datafield>
  <datafield tag="050" ind1=" " ind2="4">
    <subfield code="a">HD62.5 </subfield>
    <subfield code="b">M66 2009</subfield>
  </datafield>
  <datafield tag="100" ind1="1" ind2="0">
    <subfield code="a">Montiel Campos, H&#xE9;ctor</subfield>
    <subfield code="e">autor</subfield>
  </datafield>
  <datafield tag="245" ind1="1" ind2="6">
    <subfield code="a">De la Idea de Negocio a la alerta empresarial</subfield>
    <subfield code="b"> : Precursores del plan de negocios  </subfield>
    <subfield code="c"> / H&#xE9;ctor Montiel Campos</subfield>
  </datafield>
  <datafield tag="260" ind1=" " ind2=" ">
    <subfield code="a">M&#xE9;xico </subfield>
    <subfield code="b"> : Patria </subfield>
    <subfield code="c">, 2009</subfield>
  </datafield>
  <datafield tag="300" ind1=" " ind2=" ">
    <subfield code="a">xvi, 152 p&#xE1;ginas </subfield>
  </datafield>
  <datafield tag="336" ind1=" " ind2=" ">
    <subfield code="a">texto</subfield>
  </datafield>
  <datafield tag="337" ind1=" " ind2=" ">
    <subfield code="a">sin medio</subfield>
  </datafield>
  <datafield tag="338" ind1=" " ind2=" ">
    <subfield code="a">volumen</subfield>
  </datafield>
  <datafield tag="505" ind1="2" ind2=" ">
    <subfield code="a">El marco de referencia
El paradigma de la globalizaci&#xF3;n
La creaci&#xF3;n y desarrollo de empresas como campo de investigaci&#xF3;n
La fase de percepci&#xF3;n 
El empresario 
Proceso empresarial
Ventana de oportunidad 
El efecto de las tecnolog&#xED;as de la informaci&#xF3;n y comunicaci&#xF3;n (TIC) en los negocios
Pol&#xED;tica industrial
Responsabilidad social de las empresas
La empresa familiar 
Pensamiento estrat&#xE9;gico
Innovaci&#xF3;n tecnol&#xF3;gica 
Ventaja competitiva 
El riesgo en los negocios 
E capital intelectual y los negocios
La creaci&#xF3;n de empresas -
Hacia un modelo del proceso de desarrollo.</subfield>
  </datafield>
  <datafield tag="519" ind1=" " ind2=" ">
    <subfield code="a">Educaci&#xF3;n Mixta /
</subfield>
    <subfield code="b">Derecho / </subfield>
    <subfield code="c">Emprendedores (M06-3) /</subfield>
    <subfield code="d"> (03 006769)</subfield>
  </datafield>
  <datafield tag="650" ind1="1" ind2="0">
    <subfield code="a">EMPRESAS</subfield>
    <subfield code="x">ANTECEDENTES</subfield>
  </datafield>
  <datafield tag="650" ind1="2" ind2="0">
    <subfield code="a">EMPRESAS</subfield>
    <subfield code="x">PLANIFICACI&#xD3;N</subfield>
  </datafield>
  <datafield tag="650" ind1="3" ind2="0">
    <subfield code="a">TECNOLOG&#xCD;A INFORMACI&#xD3;N</subfield>
    <subfield code="x">NEGOCIOS</subfield>
  </datafield>
  <datafield tag="942" ind1=" " ind2=" ">
    <subfield code="c">LB</subfield>
  </datafield>
  <datafield tag="952" ind1=" " ind2=" ">
    <subfield code="0">0</subfield>
    <subfield code="1">0</subfield>
    <subfield code="4">0</subfield>
    <subfield code="7">0</subfield>
    <subfield code="a">03</subfield>
    <subfield code="b">03</subfield>
    <subfield code="d">2014-08-07</subfield>
    <subfield code="l">2</subfield>
    <subfield code="o">HD62.5 M66 2009</subfield>
    <subfield code="p">03 006769</subfield>
    <subfield code="r">2015-09-23</subfield>
    <subfield code="s">2015-09-23</subfield>
    <subfield code="t">1</subfield>
    <subfield code="w">2014-08-07</subfield>
    <subfield code="y">LB</subfield>
  </datafield>
  <datafield tag="999" ind1=" " ind2=" ">
    <subfield code="c">93432</subfield>
    <subfield code="d">93432</subfield>
  </datafield>
</record>
